000 00273nam a2200121Ia 4500
008 190216s9999||||xx |||||||||||||| ||und||
100 _aMadavan Kutty
245 0 _aPanchendriyangal
260 _bPoorna Pubs Kozhikode
300 _a20
650 _aMalayalam
942 _cBK
999 _c28725
_d28725